MARC

LEADER 00000nam0a2200000 4500
001 288133
005 20231102000046.0
035 |a (RuTPU)RU\TPU\book\312582 
090 |a 288133 
100 |a 20150321d1967 k y0rusy50 ca 
101 1 |a rus  |c eng 
102 |a RU 
105 |a a z 001zy 
200 1 |a Биология старения  |e пер. с англ.  |f А. Комфорт 
210 |a Москва  |c Мир  |d 1967 
215 |a 397 с.  |c ил. 
320 |a Библиогр.: с. 331-395. 
606 1 |a Биологические системы  |x Устойчивость  |2 stltpush  |3 (RuTPU)RU\TPU\subj\28704  |9 52210 
610 1 |a жизнь 
610 1 |a продление 
610 1 |a старение 
610 1 |a долголетие 
610 1 |a геронтология 
610 1 |a механизмы 
610 1 |a наследственность 
675 |a 573  |v 3 
700 1 |a Комфорт  |b А.  |g Алекс 
801 1 |a RU  |b 63413507  |c 20150321 
801 2 |a RU  |b 63413507  |c 20210224  |g RCR 
942 |c BK